Noticia sobre Nicolás Tamariz / Ricard Pous Cuberes ; prólogo de Martín Kronlund y Francisco Saucedo
Descripción Física:
227 p. ; 21 cm
Materias:
Esgrima -- Espanya -- Història
MARC
| LEADER | 00000nam a2200000Ia 4500 | ||
|---|---|---|---|
| 001 | 12743 | ||
| 008 | 160829s2000 xx 000 0 cat d | ||
| 080 | |a P-1-17 | ||
| 100 | |a Pous Cuberes, Ricard |9 35681 | ||
| 245 | |a Noticia sobre Nicolás Tamariz / Ricard Pous Cuberes ; prólogo de Martín Kronlund y Francisco Saucedo | ||
| 260 | |a Barcelona : |b Institut del Teatre, Diputació de Barcelona, |c 2000 | ||
| 300 | |a 227 p. ; |c 21 cm | ||
| 650 | |a Esgrima |x Espanya |x Història |9 35682 | ||
| 700 | 1 | |a Kronlund, Martín |9 35683 | |
| 700 | |a Saucedo, Francisco, pr. |9 35684 | ||
| 901 | |a Arxiu | ||
| 942 | |n 1 | ||
| 952 | |0 0 |1 0 |4 0 |6 P117 |7 1 |9 47028 |a Arxiu |b Arxiu |d 2016-12-01 |l 0 |o P-1-17 |p 12743 |r 2016-12-01 00:00:00 |w 2016-12-01 |y ARXIU | ||
| 999 | |c 50821 |d 50821 | ||